| 000 | 00709nam a22002172 4500 | ||
|---|---|---|---|
| 001 | 0000019982 | ||
| 005 | 20151217152205.0 | ||
| 008 | 110415s xx 000 0 eng d | ||
| 020 | _a9966854223 : | ||
| 040 |
_aKABU _cKABU |
||
| 100 | 1 |
_aMuyia, Fredrick Nafukho. _@0000180015 |
|
| 245 | 1 | 0 |
_aTraining of trainers : _bstrategies for the 21st century / _cFredrick Muyia Nafukho, Simon Kang'ethe. |
| 250 | _a1st ed. | ||
| 260 |
_aEldoret, Kenya : _bMoi University Press, _c2002. |
||
| 300 | _a[8] 95 p. | ||
| 650 | 0 |
_aEmployees _xTraining of. _@0000151598 |
|
| 700 | 1 |
_aKang'ethe, Simon. _@0000180016 |
|
| 852 | 1 | _9p225 KES | |
| 908 | _a110415 | ||
| 950 | _@1 | ||
| 999 |
_c9148 _d9148 |
||